<?xml version="1.0" encoding="UTF-8"?><?xml-stylesheet type="text/xsl" href="static/style.xsl"?><OAI-PMH xmlns="http://www.openarchives.org/OAI/2.0/" xmlns:xsi="http://www.w3.org/2001/XMLSchema-instance" xsi:schemaLocation="http://www.openarchives.org/OAI/2.0/ http://www.openarchives.org/OAI/2.0/OAI-PMH.xsd"><responseDate>2026-04-13T16:55:58Z</responseDate><request verb="GetRecord" identifier="oai:www.recercat.cat:10459.1/467391" metadataPrefix="marc">https://recercat.cat/oai/request</request><GetRecord><record><header><identifier>oai:recercat.cat:10459.1/467391</identifier><datestamp>2025-02-04T19:28:37Z</datestamp><setSpec>com_2072_3622</setSpec><setSpec>col_2072_479130</setSpec></header><metadata><record xmlns="http://www.loc.gov/MARC21/slim" xmlns:dcterms="http://purl.org/dc/terms/" xmlns:xsi="http://www.w3.org/2001/XMLSchema-instance" xmlns:doc="http://www.lyncode.com/xoai" xsi:schemaLocation="http://www.loc.gov/MARC21/slim http://www.loc.gov/standards/marcxml/schema/MARC21slim.xsd">
   <leader>00925njm 22002777a 4500</leader>
   <datafield ind2=" " ind1=" " tag="042">
      <subfield code="a">dc</subfield>
   </datafield>
   <datafield ind2=" " ind1=" " tag="720">
      <subfield code="a">Pedroza, R.H.P.</subfield>
      <subfield code="e">author</subfield>
   </datafield>
   <datafield ind2=" " ind1=" " tag="720">
      <subfield code="a">David, C.</subfield>
      <subfield code="e">author</subfield>
   </datafield>
   <datafield ind2=" " ind1=" " tag="720">
      <subfield code="a">Barriada, J.L.</subfield>
      <subfield code="e">author</subfield>
   </datafield>
   <datafield ind2=" " ind1=" " tag="720">
      <subfield code="a">Rey Castro, C.</subfield>
      <subfield code="e">author</subfield>
   </datafield>
   <datafield ind2=" " ind1=" " tag="720">
      <subfield code="a">Lodeiro, P.</subfield>
      <subfield code="e">author</subfield>
   </datafield>
   <datafield ind2=" " ind1=" " tag="260">
      <subfield code="c">2025-02-03T15:22:07Z</subfield>
   </datafield>
   <datafield ind2=" " ind1=" " tag="260">
      <subfield code="c">2025-02-03T15:22:07Z</subfield>
   </datafield>
   <datafield ind2=" " ind1=" " tag="260">
      <subfield code="c">2027-01-15</subfield>
   </datafield>
   <datafield ind2=" " ind1=" " tag="260">
      <subfield code="c">2025-01-15</subfield>
   </datafield>
   <datafield ind2=" " ind1=" " tag="260">
      <subfield code="c">2025-02-03T15:22:07Z</subfield>
   </datafield>
   <datafield ind2=" " ind1=" " tag="520">
      <subfield code="a">There is limited research on the influence of environmental variables on the interactions of biodegradable microplastics with chromium. This study reports the results of adsorption experiments with Cr and poly(lactic acid) (PLA) in synthetic aqueous solutions. It addresses the influence of the initial oxidation state, Cr(III) or Cr(VI), the effects of UV irradiation and the presence of organic matter. The results indicate that pristine PLA has a low affinity for Cr (between 0.05 and 46 μg/g) across varying pH levels, ionic strengths, and microplastic concentrations. However, the presence of organic matter (OM), represented by humic and tannic acids, resulted in 5.2-fold and 620-fold increases for Cr(III) and Cr(VI) adsorption, respectively. Possible mechanisms for that behavior are discussed, including Cr-OM complexation and formation of surface coatings. Noteworthy, we demonstrate that Cr(VI) adsorption involves a coupled redox-complexation process that appears to be related to the antioxidant potential of OM. Indeed, the ratio of (poly)phenol content of tannic and humic acids (6.23) is consistent with the ratio of Cr(VI) reduction in presence of both acids (6.97). Finally, photooxidation of PLA enhanced Cr(III) and Cr(VI) adsorption by a factor of 60 and 15, respectively. This is primarily attributed to UV-induced changes in surface chemical groups (increased oxygen content), rather than a change in surface area. This research provides key insights into the behavior of PLA as a potential Cr carrier, revealing the importance of organic matter and the photoaging of microplastics in the mobility of trace metal pollutants in the environment.</subfield>
   </datafield>
   <datafield ind1="8" ind2=" " tag="024">
      <subfield code="a">http://hdl.handle.net/10459.1/467391</subfield>
   </datafield>
   <datafield ind2="0" ind1="0" tag="245">
      <subfield code="a">The role of photooxidation and organic matter in Cr(III) and Cr(VI) interactions with poly(lactic acid) microplastics in aqueous solution</subfield>
   </datafield>
</record></metadata></record></GetRecord></OAI-PMH>